00830cam a2200253 a 4500001000800000005001700008008004100025010001700066020001500083040001800098041000800116043001200124080001200136082001600148100000700164101000800171245010800179246004800287504005100335906004500386942001200431999001700443952011600460450850420180823082305.0980825s1999 nyu b 001 0 eng  a 98042903  a0826122132 aDLCcDLCdDLC aeng an-us--- a155.91600a155.916221 a49 aPSI04aThe psychological and social impact of disability /cRobert P. Marinelli, Arthur E. Dell Orto, editors.14aPsychological & social impact of disability aIncludes bibliographical references and index. a7bcbccorignewd1eocipf19gy-gencatlg 2ddccBK c47283d47283 00102lcc40708PËKGa002b002cPËKGd2018-08-23l0o155.916 MARp002-3012153r2018-08-23w2018-08-23yBK